[Event "Women's Speed Chess Q5"]
[Site "chess.com INT"]
[Date "2020.06.22"]
[Round "11"]
[White "Xu, Yuanyuan"]
[Black "Babiy, Olga"]
[Result "0-1"]
[WhiteTitle "WGM"]
[BlackTitle "WGM"]
[WhiteElo "2317"]
[BlackElo "2228"]
[WhiteFideId "8601089"]
[BlackFideId "14117258"]
[EventDate "2020.06.22"]

1. d4 d5 2. c4 dxc4 3. e4 b5 4. a4 c6 5. Bf4 Bb7 6. Nd2 e6 7. Ngf3 Nf6 8. Qc2
Bb4 9. Be2 a6 10. O-O Nbd7 11. Bg5 h6 12. Bh4 Be7 13. e5 Nd5 14. Ne4 O-O 15.
Bxe7 Qxe7 16. Nd6 N7b6 17. axb5 cxb5 18. Nd2 Nf4 19. Bf3 Bxf3 20. Nxf3 Nbd5 21.
Qe4 Nd3 22. Nd2 Nxb2 23. Qg4 f5 24. exf6 Nxf6 25. Qg3 Nh5 26. Qe5 Nd3 27. Qxh5
Qxd6 28. Qg6 Nf4 29. Qe4 Qxd4 30. Qxd4 Ne2+ 31. Kh1 Nxd4 32. Ne4 b4 33. Nd6 c3
34. Ra4 a5 35. Nc4 c2 36. Rc1 b3 37. Nb2 Ne2 38. Re1 c1=Q 39. Rxc1 Nxc1 40. Rc4
Rxf2 41. Rxc1 Rxb2 42. Kg1 Rc2 43. Rb1 b2 44. Kf1 Rd8 45. Ke1 Rdd2 46. Kf1 Rc1+
47. Rxc1 bxc1=Q# 0-1

[Event "Women's Speed Chess Q5"]
[Site "chess.com INT"]
[Date "2020.06.22"]
[Round "11"]
[White "Zhao, Xue"]
[Black "Arakhamia-Grant, Ketevan"]
[Result "1/2-1/2"]
[WhiteTitle "GM"]
[BlackTitle "GM"]
[WhiteElo "2486"]
[BlackElo "2380"]
[WhiteFideId "8601283"]
[BlackFideId "13600168"]
[EventDate "2020.06.22"]

1. d4 Nf6 2. Nf3 g6 3. Bf4 Bg7 4. e3 d6 5. c3 O-O 6. Nbd2 Nh5 7. Bg5 h6 8. Bh4
f5 9. Be2 Nd7 10. Qc2 Qe8 11. h3 g5 12. g4 Nhf6 13. Bg3 e6 14. gxf5 exf5 15.
Qxf5 Nc5 16. Qc2 Nce4 17. O-O-O Bf5 18. Bd3 b5 19. Nxe4 Nxe4 20. Nd2 d5 21. Nxe4
dxe4 22. Be2 c6 23. h4 g4 24. h5 a5 25. Rdg1 a4 26. Bd6 Rf7 27. Bxg4 Bxg4 28.
Rxg4 Qd7 29. Rxg7+ Rxg7 30. Be5 Rg4 31. Bf4 Qf5 32. Bxh6 Kh7 33. Bf4 Rag8 34.
Qd1 Rg2 35. Qf1 Qg4 36. Bg3 Qf3 37. Qe1 a3 38. bxa3 R8xg3 39. fxg3 Rxa2 40. Kb1
Qg2 41. Qc1 Re2 42. Rg1 Qf2 43. Rf1 Qxg3 44. Rf7+ Kh6 45. Rf6+ Kh7 46. Rf1 Qg2
47. Rf7+ Kh6 48. Rf1 Kh7 49. Rg1 Qf2 50. Rf1 Qg2 1/2-1/2

[Event "Women's Speed Chess Q5"]
[Site "chess.com INT"]
[Date "2020.06.22"]
[Round "11"]
[White "Sukandar, Irine Kharisma"]
[Black "Toncheva, Nadya"]
[Result "1-0"]
[WhiteTitle "IM"]
[BlackTitle "WFM"]
[WhiteElo "2413"]
[BlackElo "2064"]
[WhiteFideId "7101937"]
[BlackFideId "2924056"]
[EventDate "2020.06.22"]

1. d4 d5 2. Bf4 Nf6 3. e3 c5 4. c3 Nc6 5. Nd2 Bf5 6. Ngf3 e6 7. Be2 h6 8. h3 Bd6
9. Ne5 O-O 10. Bg3 Ne4 11. Nxe4 Bxe4 12. O-O Bxe5 13. dxe5 Rb8 14. a4 a6 15. f3
Bg6 16. f4 Ne7 17. Bf2 Qd7 18. e4 Bxe4 19. Bxc5 Rfc8 20. Ba7 Ra8 21. Bd4 Nf5 22.
Bf2 g6 23. Re1 Rd8 24. Bb6 Rdc8 25. a5 Ng3 26. Bg4 Bf5 27. Bf3 Qc6 28. Kh2 g5
29. Kxg3 gxf4+ 30. Kh2 Kh7 31. Qd2 Qc4 32. Bd4 Rg8 33. Qxf4 Rg6 34. g4 Bd3 35.
Rad1 Bc2 36. Rd2 Qb3 37. Rc1 1-0

[Event "Women's Speed Chess Q5"]
[Site "chess.com INT"]
[Date "2020.06.22"]
[Round "11"]
[White "Nandhidhaa, P V"]
[Black "Daulyte-Cornette, Deimante"]
[Result "1-0"]
[WhiteTitle "WGM"]
[BlackTitle "IM"]
[WhiteElo "2365"]
[BlackElo "2400"]
[WhiteFideId "5050847"]
[BlackFideId "12802859"]
[EventDate "2020.06.22"]

1. e4 Nf6 2. e5 Nd5 3. d4 d6 4. c4 Nb6 5. exd6 cxd6 6. Nf3 g6 7. h3 Bg7 8. Be2
O-O 9. O-O Bf5 10. Nc3 Nc6 11. d5 Na5 12. Nd4 Naxc4 13. Nxf5 gxf5 14. Re1 Ne5
15. Bf1 Rc8 16. Qh5 Qd7 17. Bb5 Qd8 18. Qxf5 a6 19. Bf1 Qd7 20. Qg5 Kh8 21. Bf4
Rg8 22. Qh5 Ng6 23. Bg5 Rge8 24. Rad1 Rc5 25. Bd3 Nxd5 26. Ne4 Rcc8 27. Bh6 Nf6
28. Bxg7+ Kxg7 29. Nxf6 exf6 30. Bf5 Rxe1+ 31. Rxe1 Rc5 32. Qxg6+ hxg6 33. Bxd7
Rc2 34. Rb1 b5 35. Bg4 b4 36. Bd1 Rd2 37. Kf1 f5 38. Ke1 Rd4 39. Rc1 Kf6 40. Bb3
Re4+ 41. Kf1 1-0

[Event "Women's Speed Chess Q5"]
[Site "chess.com INT"]
[Date "2020.06.22"]
[Round "11"]
[White "Voit, Daria"]
[Black "Dzagnidze, Nana"]
[Result "1/2-1/2"]
[WhiteTitle "WGM"]
[BlackTitle "GM"]
[WhiteElo "2343"]
[BlackElo "2524"]
[WhiteFideId "4182146"]
[BlackFideId "13601903"]
[EventDate "2020.06.22"]

1. d4 Nf6 2. Nf3 e6 3. c4 d5 4. g3 dxc4 5. Bg2 Nc6 6. Qa4 Bb4+ 7. Bd2 Nd5 8.
Bxb4 Nxb4 9. O-O a6 10. Ne5 Bd7 11. Nxc6 Nxc6 12. Qxc4 O-O 13. Rd1 Qe7 14. Nc3
Rab8 15. Ne4 Rfc8 16. Nc5 Be8 17. Nxb7 Rxb7 18. Bxc6 Rxb2 19. Qxa6 Rcb8 20. Bxe8
Qxe8 21. a4 h5 22. h4 Qd7 23. Qc4 R2b4 24. Qc2 Rxd4 25. a5 c5 26. Rxd4 cxd4 27.
a6 Qa7 28. Qc4 g6 29. Ra4 Rd8 30. Qd3 Rd6 31. Ra3 Rd5 32. Rb3 Rd6 33. Ra3 Kg7
34. Qc4 e5 35. Qd3 Re6 36. Ra4 Rd6 37. Kg2 Qa8+ 38. f3 Qa7 39. Qc4 Re6 40. Qd3
Rb6 41. Ra5 Re6 42. Ra4 Kf6 43. Ra5 Kg7 44. Ra4 1/2-1/2

[Event "Women's Speed Chess Q5"]
[Site "chess.com INT"]
[Date "2020.06.22"]
[Round "11"]
[White "Tarini, Goyal"]
[Black "Yu, Jennifer"]
[Result "0-1"]
[WhiteTitle "WFM"]
[BlackTitle "FM"]
[WhiteElo "2164"]
[BlackElo "2315"]
[WhiteFideId "5082749"]
[BlackFideId "2078341"]
[EventDate "2020.06.22"]

1. d4 d5 2. c4 e6 3. Nf3 Nf6 4. g3 Bb4+ 5. Bd2 Be7 6. Bg2 O-O 7. O-O Ne4 8. Be1
c6 9. Nfd2 f5 10. f3 Nd6 11. Nc3 Nxc4 12. Nxc4 dxc4 13. Bf2 b5 14. e4 Bb7 15. a4
a6 16. Ne2 Bd6 17. Qc2 Nd7 18. Rad1 Qe7 19. Rfe1 Bb4 20. Nc3 Qf7 21. d5 cxd5 22.
exd5 exd5 23. f4 Bxc3 24. Qxc3 Nf6 25. Bc5 Rfe8 26. Re5 Ne4 27. Bxe4 fxe4 28.
Qd4 Rac8 29. axb5 axb5 30. Bb4 Rxe5 31. Qxe5 Re8 32. Qd6 Qe6 33. Qxe6+ Rxe6 34.
Bc5 Kf7 35. Kf2 Ra6 36. Ke3 Ra2 37. Bd4 b4 38. Rc1 Ba6 39. h4 c3 40. bxc3 Re2# 0-1

[Event "Women's Speed Chess Q5"]
[Site "chess.com INT"]
[Date "2020.06.22"]
[Round "11"]
[White "Turova, Irina"]
[Black "Narva, Mai"]
[Result "1-0"]
[WhiteTitle "IM"]
[BlackTitle "WIM"]
[WhiteElo "2381"]
[BlackElo "2333"]
[WhiteFideId "4120876"]
[BlackFideId "4500512"]
[EventDate "2020.06.22"]

1. d4 Nf6 2. c4 e6 3. Nc3 d5 4. cxd5 exd5 5. Bg5 Be7 6. e3 O-O 7. Bd3 c6 8. Qc2
Nbd7 9. Nf3 Re8 10. O-O Nf8 11. h3 Ng6 12. Rab1 a5 13. a3 Ne4 14. Bxe7 Qxe7 15.
b4 axb4 16. axb4 Bf5 17. b5 Ra3 18. Bxe4 dxe4 19. Nd2 Nh4 20. bxc6 bxc6 21. Ne2
Qg5 22. Ng3 Bg6 23. Qc5 Qxc5 24. dxc5 Rd3 25. Ndxe4 Rd5 26. Rb4 Bxe4 27. Nxe4
Nf5 28. Rfb1 Kf8 29. Rb8 Re5 30. Nd6 Nxd6 31. cxd6 Rd5 32. Rxe8+ Kxe8 33. Rb8+
Kd7 34. Rg8 g6 35. Rg7 Ke6 36. Rxh7 Rxd6 37. Kf1 c5 38. Rh4 Kd5 39. Ke2 c4 40.
Rd4+ Kc5 41. Rxd6 Kxd6 42. Kd2 Kd5 43. h4 Ke4 44. f3+ Kd5 45. g4 Kc5 46. Kc3 Kd5
47. h5 gxh5 48. gxh5 Ke5 49. Kxc4 Kf5 50. Kd5 Kg5 51. Ke5 Kxh5 52. Kf6 1-0

[Event "Women's Speed Chess Q5"]
[Site "chess.com INT"]
[Date "2020.06.22"]
[Round "11"]
[White "Ziegenfuss, Antonia"]
[Black "Zimina, Olga"]
[Result "0-1"]
[WhiteTitle "WFM"]
[BlackTitle "IM"]
[WhiteElo "2101"]
[BlackElo "2378"]
[WhiteFideId "12962554"]
[BlackFideId "4132190"]
[EventDate "2020.06.22"]

1. d4 d5 2. c4 c6 3. Nc3 dxc4 4. e3 b5 5. a4 b4 6. Ne4 Qd5 7. Nd2 Ba6 8. Qc2 c3
9. bxc3 Bxf1 10. Kxf1 e5 11. c4 Qe6 12. Ngf3 Nd7 13. Bb2 Bd6 14. Qe4 Rc8 15.
dxe5 Bb8 16. Ng5 Qe7 17. f4 Nc5 18. Qf3 Nd3 19. Rb1 Nxb2 20. Rxb2 f6 21. exf6
Nxf6 22. g3 O-O 23. Kg2 Rfe8 24. Re1 h6 25. Nh3 a5 26. Nf2 Ba7 27. Rb3 Rcd8 28.
Nf1 Ne4 29. Nxe4 Qxe4 30. Qxe4 Rxe4 31. Kf3 Rxc4 32. e4 Rc2 33. Ne3 Rxh2 34. Nf5
Kf7 35. Kg4 Rdd2 36. Rbe3 Bxe3 37. Rxe3 g6 38. Nh4 c5 39. Nf3 c4 40. Nxh2 Rxh2
41. e5 c3 42. Re4 b3 43. Rc4 b2 44. Rc7+ Ke6 45. Rb7 c2 46. Rb6+ Kd5 47. Rb5+
Kc4 48. Rxb2 c1=Q 0-1

[Event "Women's Speed Chess Q5"]
[Site "chess.com INT"]
[Date "2020.06.22"]
[Round "11"]
[White "Priyanka, K"]
[Black "Enkhtuul, Altan-Ulzii"]
[Result "0-1"]
[WhiteTitle "WIM"]
[BlackTitle "WGM"]
[WhiteElo "2218"]
[BlackElo "2228"]
[WhiteFideId "5082986"]
[BlackFideId "4901444"]
[EventDate "2020.06.22"]

1. e4 Nf6 2. e5 Nd5 3. d4 d6 4. c4 Nb6 5. exd6 exd6 6. Nc3 Be7 7. Be3 O-O 8. Bd3
Bf6 9. Nge2 Nc6 10. Rc1 Bg4 11. f3 Re8 12. Qd2 Bh4+ 13. g3 Bxf3 14. Rf1 Bxe2 15.
Nxe2 Bf6 16. Kf2 Qe7 17. Rce1 Nb4 18. Nf4 Nxd3+ 19. Qxd3 Qe4 20. b3 Qxd3 21.
Nxd3 Re4 22. d5 Nd7 23. Bf4 Rxe1 24. Rxe1 a6 25. Kf3 g5 26. Bd2 Kg7 27. Re4 Kg6
28. h4 h6 29. hxg5 hxg5 30. Nf2 Ne5+ 31. Ke2 Rh8 32. Bc3 Rh2 33. Kf1 Kf5 34.
Bxe5 Bxe5 35. g4+ Kg6 36. Re2 f6 37. Nd3 Rh1+ 38. Kg2 Rd1 39. Nf2 Rd4 40. Kf3 f5
41. gxf5+ Kxf5 42. Re4 Rxe4 43. Nxe4 g4+ 44. Ke3 Bf4+ 45. Kd3 g3 46. Nc3 g2 47.
Ne2 Bh2 48. Nd4+ Kg4 49. Ne2 g1=Q 50. Nxg1 Bxg1 51. Ke4 Bc5 52. Kd3 Kf3 53. Kc3
a5 54. Kb2 Ke2 55. a3 Kd3 56. a4 Bb4 0-1

[Event "Women's Speed Chess Q5"]
[Site "chess.com INT"]
[Date "2020.06.22"]
[Round "11"]
[White "Tsotsonava, Elene"]
[Black "Vifleemskaia, Svetlana"]
[Result "0-1"]
[WhiteTitle "WFM"]
[BlackTitle "WFM"]
[WhiteElo "2012"]
[BlackElo "1943"]
[WhiteFideId "13615939"]
[BlackFideId "4129490"]
[EventDate "2020.06.22"]

1. e4 e5 2. Nf3 Nc6 3. Bb5 a6 4. Ba4 Nf6 5. O-O Be7 6. Re1 b5 7. Bb3 d6 8. c3
O-O 9. h3 Nd7 10. d4 Bf6 11. a4 Rb8 12. axb5 axb5 13. Be3 Ne7 14. d5 Nb6 15.
Nbd2 Bd7 16. Nf1 Na4 17. Qd2 g6 18. Ng3 Bg7 19. Bg5 f6 20. Bh6 Qc8 21. Bxg7 Kxg7
22. h4 h5 23. Bxa4 bxa4 24. c4 Qb7 25. Rab1 Qb4 26. Qe2 c5 27. Nd2 Rh8 28. Qe3
Ra8 29. f4 Bg4 30. fxe5 dxe5 31. Ne2 Nc8 32. Nc3 Nd6 33. b3 a3 34. Na2 Qb6 35.
b4 Rhc8 36. bxc5 Qxc5 37. Qxc5 Rxc5 38. Rb6 Nxc4 39. Rc1 Rac8 40. Rb7+ Kg8 41.
Nxc4 Rxc4 42. Rxc4 Rxc4 43. d6 Rc2 44. Nb4 Rb2 45. Rb8+ Kf7 0-1

[Event "Women's Speed Chess Q5"]
[Site "chess.com INT"]
[Date "2020.06.22"]
[Round "11"]
[White "Haussernot, Cecile"]
[Black "Kazarian, Anna-Maja"]
[Result "0-1"]
[WhiteTitle "WIM"]
[BlackTitle "FM"]
[WhiteElo "2171"]
[BlackElo "2096"]
[WhiteFideId "601632"]
[BlackFideId "1033689"]
[EventDate "2020.06.22"]

1. e4 e6 2. d4 d5 3. Nc3 Nf6 4. e5 Nfd7 5. f4 c5 6. Nf3 Nc6 7. Be3 Be7 8. Qd2
O-O 9. dxc5 Bxc5 10. Bxc5 Nxc5 11. O-O-O b6 12. Bd3 Ba6 13. Bxa6 Nxa6 14. h4 Nc5
15. h5 f6 16. h6 fxe5 17. hxg7 Rf7 18. fxe5 Rxg7 19. Rh6 Qc7 20. Nb5 Qe7 21.
Rdh1 Ne4 22. Qe1 Nxe5 23. Nfd4 Rc8 24. Rxe6 Nd3+ 25. Kb1 Nxe1 26. Rxe7 Rxe7 27.
Nf5 Nd2+ 28. Kc1 Rxc2+ 29. Kd1 Re5 30. Rxe1 Rxe1+ 31. Kxc2 Nc4 32. Nc7 Re2+ 33.
Kc3 Rxg2 34. Nxd5 Ne5 35. Kd4 Nc6+ 36. Ke4 Rxb2 37. Nf4 Rxa2 38. Kd5 Nb4+ 39.
Ke6 Rh2 40. Kf6 h5 41. Ne6 h4 42. Ne7+ Kh7 43. Nf5 Rf2 44. Ng5+ Kg8 45. Kg6 Rxf5
46. Kxf5 a5 47. Kg6 a4 48. Ne4 h3 49. Nf6+ Kf8 50. Nh7+ Ke7 51. Nf6 h2 52. Ng8+
Kf8 53. Nf6 h1=Q 54. Nd7+ Ke7 55. Ne5 Qg2+ 56. Kf5 Qf2+ 57. Ke4 Qe2+ 58. Kf5
Qxe5+ 59. Kxe5 a3 60. Kd4 a2 61. Kc3 a1=Q+ 62. Kxb4 Qa5+ 0-1

[Event "Women's Speed Chess Q5"]
[Site "chess.com INT"]
[Date "2020.06.22"]
[Round "11"]
[White "Solozhenkina, Elizaveta"]
[Black "Divya, Deshmukh"]
[Result "1-0"]
[WhiteTitle "WIM"]
[BlackTitle "WIM"]
[WhiteElo "2301"]
[BlackElo "2305"]
[WhiteFideId "34106615"]
[BlackFideId "35006916"]
[EventDate "2020.06.22"]

1. e4 c5 2. c3 Nf6 3. e5 Nd5 4. d4 cxd4 5. cxd4 e6 6. Nf3 Nc6 7. a3 d6 8. Bd3 g6
9. Bg5 Be7 10. Bh6 dxe5 11. dxe5 g5 12. h3 Nf4 13. Bf1 Qa5+ 14. Qd2 Qxd2+ 15.
Nbxd2 Rg8 16. g3 Ng6 17. Nc4 Bd7 18. Bg2 O-O-O 19. O-O b5 20. Nd6+ Bxd6 21. exd6
f6 22. h4 gxh4 23. Rac1 Kb8 24. gxh4 Nge5 25. Kh2 Ng4+ 26. Kh1 Nxh6 27. Rfe1 Nf5
28. Rc5 a6 29. a4 b4 30. Rd1 Rc8 31. Nd2 Rg4 32. Ne4 Rxh4+ 33. Kg1 Rh6 34. a5
Rg6 35. Kf1 Rcg8 36. Ng3 Nxg3+ 37. fxg3 Rxg3 38. Bxc6 R3g4 39. Bxd7 Rf4+ 40. Ke2
Re4+ 41. Kf3 Rh4 42. Bxe6 Re8 43. d7 Rd8 44. Rc8+ Kb7 45. Rxd8 1-0

[Event "Women's Speed Chess Q5"]
[Site "chess.com INT"]
[Date "2020.06.22"]
[Round "11"]
[White "Stefanova, Antoaneta"]
[Black "Gunina, Valentina"]
[Result "1/2-1/2"]
[WhiteTitle "GM"]
[BlackTitle "GM"]
[WhiteElo "2462"]
[BlackElo "2431"]
[WhiteFideId "2902257"]
[BlackFideId "4167570"]
[EventDate "2020.06.22"]

1. d4 Nf6 2. Nf3 e6 3. e3 d5 4. Bd3 c5 5. b3 Nc6 6. O-O Bd6 7. Bb2 O-O 8. a3 Qe7
9. dxc5 Bxc5 10. c4 dxc4 11. Bxc4 a6 12. b4 Ba7 13. Nc3 b5 14. Bb3 Bb7 15. Qe2
Rfd8 16. Rfd1 h6 17. h3 Rac8 18. Rxd8+ Rxd8 19. Rd1 Bb8 20. Rxd8+ Qxd8 21. Bc2
Ne7 22. Nd1 Ne4 23. Qd3 Qc7 24. Be5 Qc8 25. Bxb8 Qxb8 26. Nc3 Nxc3 27. Qxc3 Qd6
28. Qd3 Qxd3 29. Bxd3 Bxf3 30. gxf3 Nd5 31. Be4 Nc7 32. Kf1 Kf8 33. Ke2 Ke7 34.
Kd3 e5 35. Bb7 f5 36. Kc3 Kf6 37. Kd3 Kg5 38. Bc8 g6 39. Ke2 Kh4 40. e4 fxe4 41.
fxe4 Kg5 42. Ke3 Kf6 43. h4 Ke7 44. f4 Kf6 45. Kf3 exf4 46. Kxf4 g5+ 47. hxg5+
hxg5+ 48. Ke3 Ke5 49. Bd7 Ne6 50. Bc8 Nd4 51. Bxa6 Nc2+ 52. Kf3 Nxa3 53. Kg4
Kxe4 54. Kxg5 Kd4 55. Bxb5 Nxb5 56. Kf6 Kc4 57. Ke5 1/2-1/2

[Event "Women's Speed Chess Q5"]
[Site "chess.com INT"]
[Date "2020.06.22"]
[Round "11"]
[White "Peycheva, Gergana"]
[Black "Bartel, Marta"]
[Result "1-0"]
[WhiteTitle "FM"]
[BlackTitle "WGM"]
[WhiteElo "2255"]
[BlackElo "2192"]
[WhiteFideId "2916711"]
[BlackFideId "1123009"]
[EventDate "2020.06.22"]

1. d4 d5 2. c4 e6 3. Nc3 a6 4. cxd5 exd5 5. Bf4 Nf6 6. Nf3 Bd6 7. e3 Bxf4 8.
exf4 O-O 9. h3 Re8+ 10. Be2 Ne4 11. O-O Nc6 12. Bd3 Bf5 13. Ne5 Nxc3 14. bxc3
Bxd3 15. Qxd3 Qd6 16. g3 Rad8 17. Rfe1 g6 18. Rab1 b5 19. Kg2 Na5 20. f5 Nc4 21.
fxg6 hxg6 22. Ng4 Kg7 23. Re2 Re4 24. Rbe1 Rxe2 25. Rxe2 Rd7 26. Qf3 c6 27. Re8
Re7 28. Rxe7 Qxe7 29. Kh2 Qe6 30. Qf4 a5 31. Qh6+ Kg8 32. Qh4 Kg7 33. Qh6+ Kg8
34. Qg5 Kg7 35. h4 Qf5 36. Qxf5 gxf5 37. Ne3 Nd6 38. Kg2 Kg6 39. Kf3 Ne4 40. Nd1
Nd2+ 41. Ke2 Ne4 42. Ke3 b4 43. cxb4 axb4 44. Nb2 Nd6 45. Nd3 Nc4+ 46. Kf4 Na3
47. Nxb4 Nb5 48. Nxc6 Kf6 49. a4 Nc7 50. a5 Na6 51. h5 1-0

[Event "Women's Speed Chess Q5"]
[Site "chess.com INT"]
[Date "2020.06.22"]
[Round "11"]
[White "Meenakshi, Subbaraman"]
[Black "Sedina, Elena"]
[Result "1-0"]
[WhiteTitle "WGM"]
[BlackTitle "IM"]
[WhiteElo "2171"]
[BlackElo "2299"]
[WhiteFideId "5004381"]
[BlackFideId "812153"]
[EventDate "2020.06.22"]

1. d4 d5 2. c4 c6 3. Nf3 Nf6 4. Nc3 dxc4 5. a4 Bf5 6. e3 e6 7. Bxc4 Bb4 8. O-O
Nbd7 9. Qe2 Bg6 10. Rd1 O-O 11. Bd2 a5 12. Rac1 Qe7 13. Na2 Bxd2 14. Nxd2 e5 15.
Nf3 Bh5 16. Qc2 e4 17. Nd2 Bxd1 18. Qxd1 Nb6 19. Bb3 Nbd5 20. Nc3 Rfe8 21. Bc2
Nxc3 22. bxc3 b5 23. c4 b4 24. c5 h5 25. Nc4 Reb8 26. Bb3 Nd5 27. Qxh5 g6 28.
Qg4 Kg7 29. Nd6 Nf6 30. Qe2 Rf8 31. h3 Nd5 32. Nc4 f5 33. Ne5 Qe6 34. Qa2 Rad8
35. Nc4 Nc3 36. Qc2 Qf6 37. Nxa5 f4 38. Nc4 f3 39. g3 Ne2+ 40. Kh2 Nxc1 41. Qxc1
Rh8 42. Nd6 Rhg8 43. Bxg8 Rxg8 44. Qc4 Qe7 45. Qxb4 Rh8 46. Qc4 Qd7 47. h4 g5
48. Nxe4 gxh4 49. Kg1 hxg3 50. fxg3 1-0

[Event "Women's Speed Chess Q5"]
[Site "chess.com INT"]
[Date "2020.06.22"]
[Round "11"]
[White "Golubeva, Oksana"]
[Black "Huda, Maryana"]
[Result "1-0"]
[WhiteTitle "WFM"]
[BlackTitle "WGM"]
[WhiteElo "2179"]
[BlackElo "2128"]
[WhiteFideId "4170164"]
[BlackFideId "14116553"]
[EventDate "2020.06.22"]

1. Nf3 d5 2. g3 Nf6 3. Bg2 c6 4. d3 h6 5. h3 Bf5 6. Nbd2 e6 7. O-O Bh7 8. c4
Nbd7 9. b3 a5 10. a3 Bc5 11. Bb2 O-O 12. Bc3 Qe7 13. Qc1 b5 14. d4 Bd6 15. Ne5
Rfc8 16. f4 Nh5 17. Kh2 f6 18. Nxd7 Qxd7 19. c5 Bc7 20. Nf3 g5 21. Bd2 a4 22. b4
Kh8 23. Rg1 Rg8 24. e3 g4 25. hxg4 Rxg4 26. Bh3 Rgg8 27. g4 Ng7 28. Be1 Qe7 29.
Bg3 f5 30. g5 Nh5 31. Bh4 hxg5 32. Nxg5 Qd7 33. Ra2 Nf6 34. Rag2 Ng4+ 35. Bxg4
fxg4 36. Rxg4 Bf5 37. R4g3 Rg6 38. Rh1 Rh6 39. Kg1 Rg8 40. Kf2 Rgg6 41. Qg1 Kg7
42. Nf3 Qe8 43. Bg5 Rxh1 44. Qxh1 Be4 45. Bh6+ Kf7 46. Bg5 Qg8 47. Qh5 Ke8 48.
Nh4 Kd7 49. Nxg6 Bxg6 50. Qh6 Qf7 51. Bf6 1-0

[Event "Women's Speed Chess Q5"]
[Site "chess.com INT"]
[Date "2020.06.22"]
[Round "11"]
[White "Mrudul, Dehankar"]
[Black "Tokhirjonova, Gulrukhbegim"]
[Result "0-1"]
[WhiteTitle "WIM"]
[BlackTitle "WGM"]
[WhiteElo "2256"]
[BlackElo "2378"]
[WhiteFideId "25096990"]
[BlackFideId "14203626"]
[EventDate "2020.06.22"]

1. e4 e5 2. Nf3 Nc6 3. Bb5 a6 4. Ba4 Nf6 5. O-O Be7 6. Re1 b5 7. Bb3 d6 8. c3
O-O 9. h3 Nb8 10. Bc2 c5 11. d4 Nbd7 12. Nbd2 Qc7 13. Nf1 Re8 14. Ng3 Bf8 15.
Be3 cxd4 16. cxd4 exd4 17. Nxd4 Bb7 18. Rc1 Rac8 19. Bf4 Qb8 20. Ngf5 Nc5 21. f3
Ne6 22. Bh2 g6 23. Nxe6 Rxe6 24. Nd4 Ree8 25. Bb3 Rxc1 26. Qxc1 Qa7 27. Rd1 Rc8
28. Qg5 Nd7 29. Kh1 Nc5 30. Bc2 h6 31. Qd2 Nd7 32. Bb3 Ne5 33. Bg1 Qb8 34. Rc1
Nc4 35. Qe2 d5 36. exd5 Bxd5 37. Bc2 Bg7 38. Bd3 Re8 39. Qc2 Qf4 40. Ne2 Qh4 41.
Bh2 Ne3 42. Qd2 Ba8 43. Bg3 Qh5 44. Re1 Nxg2 45. Nf4 Rxe1+ 46. Bxe1 Nxf4 47.
Qxf4 Be5 0-1

[Event "Women's Speed Chess Q5"]
[Site "chess.com INT"]
[Date "2020.06.22"]
[Round "11"]
[White "Kiseleva, Arina"]
[Black "Martsynovskaya, Marina"]
[Result "0-1"]
[WhiteTitle "WCM"]
[BlackTitle "WIM"]
[WhiteElo "2024"]
[BlackElo "2046"]
[WhiteFideId "4164989"]
[BlackFideId "609218"]
[EventDate "2020.06.22"]

1. d4 d5 2. Nf3 Nf6 3. e3 e6 4. Bd3 Ne4 5. O-O f5 6. Ne5 g6 7. f3 Nd6 8. c4 Bg7
9. Nc3 c6 10. c5 Nf7 11. Nxf7 Kxf7 12. b4 Nd7 13. Bb2 Rf8 14. Ne2 e5 15. dxe5
Nxe5 16. Nd4 Nxd3 17. Qxd3 Kg8 18. Rad1 Bd7 19. f4 a6 20. Rd2 Qe7 21. Nf3 Qe4
22. Bxg7 Qxd3 23. Rxd3 Kxg7 24. Ne5 Be6 25. a4 Rfd8 26. h4 Kf6 27. Rd4 Rdc8 28.
Rb1 Rc7 29. g3 Re7 30. Rd2 Bd7 31. Kf2 Rxe5 32. fxe5+ Kxe5 33. Kf3 h6 34. Rb3
Re8 35. Rd4 g5 36. Rbd3 Rf8 37. b5 axb5 38. axb5 Ra8 39. bxc6 Bxc6 40. Rd2 Ra3
41. Kf2 Rb3 42. R4d3 Rb5 43. Rc3 Rb4 44. hxg5 hxg5 45. Rcc2 Re4 46. Re2 Rb4 47.
Rb2 Rc4 48. Rec2 Re4 49. Rc3 f4 50. gxf4+ gxf4 51. Rcb3 d4 52. exd4+ Kxd4 53.
Rc2 Re5 54. Rb4+ Kd3 55. Rc1 f3 56. Rb3+ Kd2 57. Rcb1 Re2+ 58. Kf1 Kc2 59. R1b2+
Kd1 60. Rxe2 fxe2+ 61. Kf2 e1=Q# 0-1

[Event "Women's Speed Chess Q5"]
[Site "chess.com INT"]
[Date "2020.06.22"]
[Round "11"]
[White "Khotenashvili, Bela"]
[Black "Maltsevskaya, Aleksandra"]
[Result "0-1"]
[WhiteTitle "GM"]
[BlackTitle "WGM"]
[WhiteElo "2458"]
[BlackElo "2272"]
[WhiteFideId "13602640"]
[BlackFideId "24174041"]
[EventDate "2020.06.22"]

1. d4 Nf6 2. c4 c5 3. d5 b5 4. cxb5 a6 5. bxa6 e6 6. Nc3 exd5 7. Nxd5 Be7 8. Nf3
O-O 9. Nxe7+ Qxe7 10. Bg5 Bxa6 11. Qd2 h6 12. Bxf6 Qxf6 13. Qc3 Qe7 14. e3 Bxf1
15. Kxf1 Nc6 16. h4 Ra4 17. Rh3 Rg4 18. Rd1 Qe6 19. b3 Ra8 20. Rd2 Nb4 21. a4
Nc6 22. Kg1 c4 23. b4 Rxa4 24. b5 Na7 25. Nd4 Qe5 26. Rd1 Nxb5 27. Nxb5 Qxb5 28.
h5 Qb3 29. Rc1 Qxc3 30. Rxc3 d5 31. Rf3 Rg5 32. Rh3 f6 33. g3 Kf7 34. Kg2 Ke6
35. f4 d4 36. exd4 Rd5 37. Kf3 Rxd4 38. Rh1 Kd5 39. Rhc1 Ra2 40. Kg4 Rg2 41. Kf5
Rd3 42. Rxc4 Rgxg3 43. Rc5+ Kd4 44. R1c4+ Ke3 45. Re4+ Kf3 46. Ra4 Rh3 47. Kg6
Rg3+ 48. Kh7 Re3 0-1

[Event "Women's Speed Chess Q5"]
[Site "chess.com INT"]
[Date "2020.06.22"]
[Round "11"]
[White "Tarleva, Vira"]
[Black "Hernandez Bonilla, Amelia"]
[Result "0-1"]
[WhiteTitle "WFM"]
[BlackTitle "WFM"]
[WhiteElo "2030"]
[BlackElo "2016"]
[WhiteFideId "14116693"]
[BlackFideId "3900193"]
[EventDate "2020.06.22"]

1. e4 c5 2. Nf3 d6 3. d4 cxd4 4. Nxd4 Nf6 5. Nc3 Nc6 6. g3 g6 7. Bg2 Bd7 8. O-O
Bg7 9. Nde2 O-O 10. Nf4 Bg4 11. f3 Bd7 12. Be3 a6 13. Qd2 Ne5 14. b3 Rc8 15.
Nce2 b5 16. c3 Qa5 17. Rfd1 Rfd8 18. Rac1 Qa3 19. Nd5 Nxd5 20. exd5 a5 21. Nd4
a4 22. b4 Nc4 23. Qe2 Nxe3 24. Qxe3 Qxa2 25. Rd2 Qc4 26. Ne2 Re8 27. f4 Bg4 28.
h3 Bf5 29. g4 Bd7 30. Be4 Qc7 31. Bg2 e6 32. Qd3 e5 33. f5 Rb8 34. Ng3 Rec8 35.
g5 gxf5 36. Nxf5 Bxf5 37. Qxf5 Qb6+ 38. Kh1 Ra8 39. Be4 Kf8 40. Rf1 Ra7 41.
Qxc8+ Ke7 42. Qf5 Kf8 43. Qxh7 a3 44. g6 f6 45. Qh4 a2 46. Rxf6+ Bxf6 47. Qxf6+
Kg8 48. Qe6+ Kg7 0-1